[Event "HUN-chT2 Erkel 2324"]
[Site "Hunagry"]
[Date "2024.03.03"]
[Round "5.7"]
[White "Palla, Akos Botond"]
[Black "Schreuder Peters, Misja"]
[Result "1/2-1/2"]
[WhiteElo "1996"]
[BlackElo "1894"]
[PlyCount "110"]
[EventDate "2023.10.08"]
[EventType "team-tourn"]
[EventRounds "9"]
[EventCountry "HUN"]
[SourceTitle "EXT 2025"]
[Source "ChessBase"]
[SourceDate "2024.10.14"]
[SourceVersion "1"]
[SourceVersionDate "2024.10.14"]
[SourceQuality "1"]
[WhiteTeam "EUTender Sinus"]
[BlackTeam "HASE"]
[WhiteTeamCountry "HUN"]
[BlackTeamCountry "HUN"]

1. e4 c5 2. Nf3 d6 3. d4 cxd4 4. Nxd4 Nf6 5. Nc3 a6 6. Bg5 e6 7. f4 h6 8. Bh4 Qb6 9. Qd2 Qxb2 10. Rb1 Qa3 11. f5 Be7 12. Bf2 Ng4 13. Bg3 Bg5 14. Qd3 Ne5 15. Bxe5 dxe5 16. fxe6 exd4 17. exf7+ Kf8 18. Qxd4 Bf6 19. e5 Nc6 20. Qe3 Qe7 21. Nd5 Qxe5 22. Qxe5 Nxe5 23. Nb6 Rb8 24. Nxc8 Rxc8 25. Rxb7 Nxf7 26. Bxa6 Ne5 27. 0-0 Kg8 28. c4 Ra8 29. Bb5 Rxa2 30. c5 Rc2 31. c6 Nxc6 32. Rc7 Nd4 33. Bc4+ Rxc4 34. Rxc4 Ne6 35. Rc8+ Kh7 36. Rxh8+ Kxh8 37. g3 Ng5 38. Kg2 Nf7 39. Kf3 Kg8 40. Rb1 Ne5+ 41. Kf4 Kf7 42. Kf5 Nc6 43. Rb7+ Ne7+ 44. Kg4 Kg6 45. Rb5 Nc6 46. h3 Ne5+ 47. Kf4 Nc4 48. h4 Nd6 49. Rd5 Nc8 50. Rb5 Ne7 51. Rc5 Kf7 52. Rb5 Ke6 53. Rb6+ Kd7 54. Rb1 Kd6 55. Rb6+ Kd7 1/2-1/2

[Event "HUN-chT2 Erkel 2223"]
[Site "Hungary"]
[Date "2023.01.29"]
[Round "4.7"]
[White "Palla, Akos Botond"]
[Black "Nemeth, Laszlo"]
[Result "0-1"]
[WhiteElo "1998"]
[BlackElo "1994"]
[PlyCount "67"]
[EventDate "2022.11.20"]
[EventType "team-tourn"]
[EventRounds "9"]
[EventCountry "HUN"]
[SourceTitle "EXT 2025"]
[Source "ChessBase"]
[SourceDate "2024.10.14"]
[SourceVersion "1"]
[SourceVersionDate "2024.10.14"]
[SourceQuality "1"]
[WhiteTeam "EUTender Sinus"]
[BlackTeam "Egri Bolyky"]
[WhiteTeamCountry "HUN"]
[BlackTeamCountry "HUN"]

1. e4 Nf6 2. e5 Nd5 3. d4 d6 4. c4 Nb6 5. exd6 exd6 6. Nc3 Nc6 7. d5 Ne5 8. b3 Be7 9. Be2 Bf6 10. Bb2 0-0 11. f4 Ng6 12. Qd2 Re8 13. Nf3 Qe7 14. g3 Bg4 15. Kf2 c6 16. Rhe1 Qc7 17. Kg2 cxd5 18. Nxd5 Nxd5 19. cxd5 Bxb2 20. Qxb2 Qc5 21. Rad1 Re3 22. h3 Bh5 23. b4 Qb6 24. Qd2 Rae8 25. Nd4 Bxe2 26. Rxe2 Rxe2+ 27. Nxe2 Qb5 28. Kf3 Ne7 29. a3 Nf5 30. Nc3 Qc4 31. Re1 Rxe1 32. Qxe1 Qd3+ 33. Kg2 g6 34. Ne4 0-1

[Event "HUN-chT2 Erkel 2223"]
[Site "Hungary"]
[Date "2022.11.20"]
[Round "1.7"]
[White "Palla, Akos Botond"]
[Black "Lengyel, Laszlo"]
[Result "1/2-1/2"]
[WhiteElo "2002"]
[BlackElo "2049"]
[PlyCount "59"]
[EventDate "2022.11.20"]
[EventType "team-tourn"]
[EventRounds "9"]
[EventCountry "HUN"]
[SourceTitle "EXT 2025"]
[Source "ChessBase"]
[SourceDate "2024.10.14"]
[SourceVersion "1"]
[SourceVersionDate "2024.10.14"]
[SourceQuality "1"]
[WhiteTeam "EUTender Sinus"]
[BlackTeam "Kekes II"]
[WhiteTeamCountry "HUN"]
[BlackTeamCountry "HUN"]

1. e4 d5 2. exd5 Nf6 3. d4 Nxd5 4. c4 Nf6 5. Nc3 Bg4 6. Nge2 e6 7. h3 Bh5 8. g4 Bg6 9. Bg2 c6 10. Bf4 h6 11. Qa4 Nbd7 12. 0-0 Be7 13. b4 a6 14. Qb3 0-0 15. Rfd1 Qc8 16. d5 cxd5 17. cxd5 e5 18. d6 Bxd6 19. Rxd6 exf4 20. Nxf4 Bh7 21. Nfd5 Re8 22. Rd1 Rb8 23. f4 Nxd5 24. Bxd5 Re3 25. Bxf7+ Kh8 26. Rxd7 Be4 27. Nxe4 Rxb3 28. Rd8+ Qxd8 29. Rxd8+ Rxd8 30. Bxb3 1/2-1/2

[Event "HUN-chT2 Erkel 1718"]
[Site "Hungary"]
[Date "2017.12.03"]
[Round "5.9"]
[White "Nagy, Karoly1"]
[Black "Palla, Akos Botond"]
[Result "1-0"]
[WhiteElo "2036"]
[BlackElo "2023"]
[PlyCount "79"]
[EventDate "2017.09.24"]
[EventType "team-tourn"]
[EventRounds "11"]
[EventCountry "HUN"]
[SourceTitle "EXT 2021"]
[Source "ChessBase"]
[SourceDate "2020.10.23"]
[SourceVersion "1"]
[SourceVersionDate "2020.10.23"]
[SourceQuality "1"]
[WhiteTeam "Jaszbereny"]
[BlackTeam "Sarkany DSE"]
[WhiteTeamCountry "HUN"]
[BlackTeamCountry "HUN"]

1. e4 c5 2. c4 Nc6 3. Ne2 e5 4. g3 g6 5. Bg2 Bg7 6. Nbc3 Nge7 7. 0-0 0-0 8. d3 d6 9. Rb1 Nd4 10. Nxd4 exd4 11. Ne2 Nc6 12. a3 f5 13. Nf4 Kh8 14. b4 Qf6 15. Nd5 Qf7 16. Rb2 fxe4 17. Bxe4 Bh3 18. Re1 Ne5 19. f4 Bg4 20. Qb3 Nf3+ 21. Bxf3 Bxf3 22. bxc5 Rae8 23. Rf1 Bxd5 24. cxd5 dxc5 25. Qxb7 Qf5 26. Qxa7 Qxd5 27. Qb7 Qe6 28. Rc2 Qf5 29. Qb5 Re5 30. Rcf2 Rd5 31. Re2 Qf7 32. Rfe1 Qd7 33. Qxd7 Rxd7 34. Re7 Rxe7 35. Rxe7 Rb8 36. Kf2 Bf8 37. Re1 Kg7 38. Ke2 Kf7 39. Kd2 Rb3 40. Re4 1-0

[Event "HUN-chT2 Breyer 1516"]
[Site "Hungary"]
[Date "2016.02.14"]
[Round "7.6"]
[White "Rosta, Sandor"]
[Black "Palla, Akos Botond"]
[Result "1/2-1/2"]
[WhiteElo "2041"]
[BlackElo "2025"]
[PlyCount "43"]
[EventDate "2015.09.13"]
[EventType "team-tourn"]
[EventRounds "11"]
[EventCountry "HUN"]
[SourceTitle "EXT 2017"]
[Source "ChessBase"]
[SourceDate "2016.10.25"]
[SourceVersion "1"]
[SourceVersionDate "2016.10.25"]
[SourceQuality "1"]
[WhiteTeam "Szazhalombatta"]
[BlackTeam "Sarkany DSE"]
[WhiteTeamCountry "HUN"]
[BlackTeamCountry "HUN"]

1. e4 c5 2. c3 d5 3. exd5 Qxd5 4. d4 Nc6 5. Nf3 Nf6 6. Be2 e6 7. Na3 cxd4 8. Nb5 Qd8 9. Nbxd4 Nxd4 10. Qxd4 Qxd4 11. Nxd4 Be7 12. 0-0 0-0 13. Bg5 Bd7 14. Rfd1 Rfd8 15. Bf3 e5 16. Nb3 Bc6 17. Bxc6 bxc6 18. Na5 Nd5 19. Bxe7 Nxe7 20. Kf1 f6 21. Ke2 Kf7 22. g3 1/2-1/2

[Event "Budapest op 3rd"]
[Site "Budapest"]
[Date "2013.08.18"]
[Round "2"]
[White "Zentai, Peter1"]
[Black "Palla, Akos Botond"]
[Result "1/2-1/2"]
[WhiteElo "2234"]
[BlackElo "2054"]
[PlyCount "41"]
[EventDate "2013.08.17"]
[EventType "swiss"]
[EventRounds "9"]
[EventCountry "HUN"]
[SourceTitle "CBM 156 Extra"]
[Source "ChessBase"]
[SourceDate "2013.10.22"]
[SourceVersion "1"]
[SourceVersionDate "2013.10.22"]
[SourceQuality "1"]

1. d4 d5 2. c4 e6 3. Nf3 Nf6 4. g3 Bb4+ 5. Bd2 Be7 6. Bg2 0-0 7. 0-0 c6 8. Qc2 b6 9. Bf4 Ba6 10. cxd5 Nxd5 11. Rd1 Nd7 12. Nc3 N7f6 13. Ne5 Rc8 14. Bf3 Bb7 15. Rac1 Nd7 16. Nxd5 cxd5 17. Qa4 Nxe5 18. Bxe5 a6 19. Bf4 b5 20. Qb3 Qb6 21. Qd3 1/2-1/2

[Event "HUN-ch U18"]
[Site "Balatonlelle"]
[Date "2013.06.26"]
[Round "6"]
[White "Palla, Akos Botond"]
[Black "Horvath, David G"]
[Result "1-0"]
[WhiteElo "2049"]
[BlackElo "2371"]
[PlyCount "72"]
[EventDate "2013.??.??"]
[EventType "tourn"]
[EventRounds "9"]
[EventCountry "HUN"]
[SourceTitle "EXT 2014"]
[Source "ChessBase"]
[SourceDate "2013.11.20"]
[SourceVersion "1"]
[SourceVersionDate "2013.11.20"]
[SourceQuality "1"]

1. e4 e5 2. Nf3 Nc6 3. Bb5 f5 4. d3 fxe4 5. dxe4 Nf6 6. 0-0 Bc5 7. Bxc6 bxc6 8. Nxe5 0-0 9. Nc3 d6 10. Nd3 Bd4 11. Ne2 Bb6 12. Ng3 Qe7 13. Bg5 h6 14. Bxf6 Qxf6 15. Qd2 Ba6 16. Rab1 Rae8 17. a4 d5 18. exd5 cxd5 19. a5 Bd4 20. Nh1 Qf5 21. Rfd1 Bxd3 22. cxd3 c5 23. Rf1 Rb8 24. Qc2 c4 25. Rfd1 Rb3 26. Rd2 c3 27. bxc3 Rxb1+ 28. Qxb1 Bxc3 29. Ng3 Qf7 30. Ra2 d4 31. Ne4 a6 32. h3 Kh8 33. Nxc3 dxc3 34. Rc2 Qf6 35. Qb3 Qe5 36. Qxc3 Rb8 1-0